[Event "FRA-ch op-B"]
[Site "L'Alpe d'Huez"]
[Date "2023.08.20"]
[Round "2"]
[White "Niemi, Gregory"]
[Black "Salmon, Vivien"]
[Result "1/2-1/2"]
[WhiteElo "1835"]
[BlackElo "1929"]
[PlyCount "69"]
[EventDate "2023.08.19"]
[EventType "swiss"]
[EventRounds "9"]
[EventCountry "FRA"]
[SourceTitle "EXT 2024"]
[Source "ChessBase"]
[SourceDate "2023.10.10"]
[SourceVersion "1"]
[SourceVersionDate "2023.10.10"]
[SourceQuality "1"]

1. c4 Nf6 2. Nc3 g6 3. g3 Bg7 4. Bg2 d6 5. d4 0-0 6. Nf3 Nbd7 7. 0-0 e5 8. e4 c6 9. h3 Qb6 10. c5 dxc5 11. dxe5 Ne8 12. e6 fxe6 13. Ng5 Nc7 14. Qe2 h6 15. Nf3 Kh7 16. Be3 e5 17. Nh4 Ne6 18. f4 Nd4 19. Qg4 Rf6 20. Rf2 Rd6 21. f5 g5 22. Ng6 Nf6 23. Qd1 Nxf5 24. Qf3 Nxe3 25. Ne7 Nxg2 26. Nxc8 Rxc8 27. Qf5+ Kh8 28. Qxc8+ Rd8 29. Qe6 Re8 30. Qf7 Rf8 31. Qe6 Re8 32. Qf7 Rf8 33. Qe6 Ne3 34. Qxe5 Nc4 35. Qf5 1/2-1/2